000 00745nam a22002417a 4500
003 OSt
005 20250527075517.0
008 250526b |||||||| |||| 00| 0 eng d
020 _a0815150989
040 _ce
060 _aWO 500 .A38 1996 Vol. 7
245 _aAdvances in cardiac surgery :
_bVol. 7 /
_ceditor-in-chief, Robert B. Karp ; editorial board, Hillel Laks, Andrew S. Wechsler.
260 _aSt. Louis :
_bMosby,
_c1996.
300 _axv, 200 p. :
_bill. ;
_c25 cm.
504 _aIncludes bibliographical references and index.
650 _aSurgery.
650 _aSurgery
_xAdvances.
650 _aCardiac surgery.
700 _aKarp, Robert B.
700 _aLaks, Hillel
700 _aWechsler, Andrew S.
942 _2nlm
_cBK
999 _c24884
_d24884